| 000 | 00635nam a22001817a 4500 | ||
|---|---|---|---|
| 999 |
_c58430 _d58430 |
||
| 005 | 20221106122544.0 | ||
| 008 | 220207s2021 enk||||| |||| 00| 0 eng d | ||
| 020 | _a9781138366114x | ||
| 041 | _aeng | ||
| 080 | _a372.21 B-40 | ||
| 100 |
_aBeigi, Ruksana _913481 |
||
| 245 |
_aEarly Years Pedagogy in Practice: _bA Guide for Students and Practitioners / _cRuksana Beigi. |
||
| 264 |
_aLondon : _bRoutledge _c2021. |
||
| 300 |
_a326 p. _b25 cm. |
||
| 653 | _aსკოლამდელი ასაკის პედაგოგიკა | ||
| 653 | _aПедагогика дошкольного возраста | ||
| 942 |
_2udc _cBK |
||